| 000 | 01009cam a2200301 a 4500 | ||
|---|---|---|---|
| 001 | 16348581 | ||
| 003 | OSt | ||
| 005 | 20250212103713.0 | ||
| 008 | 100726s2010 ke b 000 0 eng | ||
| 010 | _a 2010305595 | ||
| 020 | _a9789966706294 | ||
| 020 | _a9966706291 | ||
| 040 |
_aDLC _cDLC _dDLC |
||
| 042 |
_alcode _apcc |
||
| 043 | _af-ke--- | ||
| 050 | 0 | 0 |
_aJQ2947.A91 _bC585 2010 |
| 245 | 0 | 0 |
_aCivil society and governance in Kenya since 2002 : _bbetween transition and crisis / _c[editing by Okoth Okombo]. |
| 260 |
_aNairobi : _bAfrican Research and Resource Forum, _cc2010. |
||
| 300 |
_axiv, 172 p. ; _c21 cm. |
||
| 504 | _aIncludes bibliographical references. | ||
| 650 | 0 |
_aCivil society _zKenya. |
|
| 651 | 0 |
_aKenya _xPolitics and government _y2002- |
|
| 700 | 1 | _aOkoth-Okombo, Duncan. | |
| 710 | 2 | _aAfrican Research and Resource Forum. | |
| 906 |
_a7 _bcbc _corigode _d3 _encip _f20 _gy-gencatlg |
||
| 942 |
_2ddc _cBK |
||
| 999 |
_c4100 _d4100 |
||